[Event "EU-ch U16 Girls 30th"]
[Site "Antalya"]
[Date "2022.11.07"]
[Round "2"]
[White "Chuchukova, Stefani"]
[Black "Cornileau, Juliette"]
[Result "0-1"]
[WhiteElo "1684"]
[BlackElo "2016"]
[PlyCount "41"]
[EventDate "2022.11.06"]
[EventType "swiss"]
[EventRounds "9"]
[EventCountry "TUR"]
[SourceTitle "EXT 2024"]
[Source "ChessBase"]
[SourceDate "2023.10.10"]
[SourceVersion "1"]
[SourceVersionDate "2023.10.10"]
[SourceQuality "1"]

1. d4 d5 2. Bg5 h6 3. Bh4 c6 4. c4 Qb6 5. Qd2 Bf5 6. Nc3 e6 7. f3 g5 8. Bg3 Nf6 9. c5 Qd8 10. Be5 Nbd7 11. b4 Nxe5 12. dxe5 Nd7 13. e4 dxe4 14. fxe4 Bg6 15. h4 Bg7 16. hxg5 hxg5 17. Rxh8+ Bxh8 18. Nf3 Nxe5 19. Nxg5 Qf6 20. Rd1 Qg7 21. Nh3 0-1

[Event "Wch U16 Girls"]
[Site "Mamaia"]
[Date "2022.09.06"]
[Round "1"]
[White "Chuchukova, Stefani"]
[Black "Kairbekova, Amina"]
[Result "0-1"]
[WhiteElo "1719"]
[BlackElo "2305"]
[PlyCount "116"]
[EventDate "2022.09.06"]
[EventType "swiss"]
[EventRounds "11"]
[EventCountry "ROU"]
[SourceTitle "CBM 210 Extra"]
[Source "ChessBase"]
[SourceDate "2022.11.30"]
[SourceVersion "1"]
[SourceVersionDate "2022.11.30"]
[SourceQuality "1"]

1. d4 Nf6 2. Bg5 g6 3. Bxf6 exf6 4. e3 d5 5. a3 Nd7 6. c4 dxc4 7. Bxc4 Bd6 8. Nc3 c6 9. Qb3 Qe7 10. Nge2 f5 11. Rd1 0-0 12. Qa2 Nf6 13. g3 Ne4 14. 0-0 Kg7 15. d5 h5 16. dxc6 bxc6 17. b4 h4 18. Qb2 Be5 19. Nd4 hxg3 20. hxg3 Rh8 21. Nxe4 fxe4 22. Qc2 Bxd4 23. Rxd4 Bf5 24. Rfd1 Qe5 25. Bf1 Bg4 26. Bg2 Bxd1 27. Qxd1 a5 28. Rxe4 Qc3 29. Qd4+ Qxd4 30. Rxd4 axb4 31. axb4 Ra1+ 32. Bf1 Rb8 33. Kg2 Rb1 34. Rd6 Rc1 35. Rd4 Kf6 36. Be2 Ke7 37. Bf3 Rd8 38. Rf4 Rd2 39. g4 Rcc2 40. Be4 Rc4 41. g5 Rb2 42. Kg3 Rd2 43. Kf3 Rd6 44. Bb1 Rxf4+ 45. Kxf4 Rd2 46. Kg3 Rb2 47. Be4 Kd6 48. f4 Rxb4 49. Kf3 c5 50. f5 gxf5 51. Bxf5 Ke5 52. Bh7 c4 53. Bg8 Rb7 54. g6 c3 55. gxf7 Rxf7+ 56. Ke2 Rd7 57. Bb3 Rd2+ 58. Ke1 Rd3 0-1

[Event "Cappelle Online Blitz op"]
[Site "Europe Echecs INT"]
[Date "2022.01.09"]
[Round "9"]
[White "Osmak, Iulija"]
[Black "Chuchukova, Stefani"]
[Result "1-0"]
[WhiteElo "2432"]
[BlackElo "1723"]
[PlyCount "121"]
[EventDate "2022.01.09"]
[EventType "swiss (blitz)"]
[EventRounds "11"]
[EventCountry "FRA"]
[SourceTitle "EXT 2023"]
[Source "ChessBase"]
[SourceDate "2022.10.05"]
[SourceVersion "1"]
[SourceVersionDate "2022.10.05"]
[SourceQuality "1"]

1. e4 d5 2. exd5 Qxd5 3. Nc3 Qe6+ 4. Be2 Qg6 5. Bf3 Nc6 6. Nb5 Kd8 7. d4 a6 8. Na3 Bf5 9. Ne2 e6 10. Nf4 Qf6 11. c3 g5 12. Nh5 Qg6 13. Ng3 g4 14. Bxc6 bxc6 15. Nxf5 Qxf5 16. Nc4 Bd6 17. 0-0 Ne7 18. Ne3 Qh5 19. h3 f5 20. c4 Qh4 21. c5 Bf4 22. Nxf5 Nxf5 23. Bxf4 gxh3 24. g3 Rg8 25. Kh2 Qf6 26. Be5 Qh6 27. Qf3 Kd7 28. Rae1 Raf8 29. Bf4 Qg6 30. Re4 h5 31. Rfe1 Re8 32. Kxh3 h4 33. g4 Ng7 34. Be5 Rgf8 35. Qg2 Rf7 36. f4 Rg8 37. Bxg7 Rfxg7 38. Rxe6 Qd3+ 39. R1e3 Qxd4 40. Qxc6+ Kc8 41. Re8+ Rxe8 42. Rxe8+ Qd8 43. Qa8+ Kd7 44. Qxd8+ Kc6 45. Qa8+ Kxc5 46. Re5+ Kb6 47. Qb8+ Kc6 48. Qb3 Rd7 49. Qa4+ Kd6 50. Rd5+ Kxd5 51. Qxd7+ Kc5 52. Qxc7+ Kd4 53. f5 Ke4 54. f6 a5 55. f7 a4 56. f8Q a3 57. Qfe7+ Kd3 58. Qed6+ Ke2 59. Qce7+ Kf1 60. Qdf6+ Kg1 61. Qe1# 1-0

[Event "EU-ch Hybrid U16 Girls"]
[Site "Tornelo INT"]
[Date "2021.10.15"]
[Round "9"]
[White "Chuchukova, Stefani"]
[Black "Bashylina, Luisa"]
[Result "1-0"]
[WhiteElo "1698"]
[BlackElo "2127"]
[PlyCount "49"]
[EventDate "2021.10.15"]
[EventType "swiss"]
[EventRounds "9"]
[EventCountry "NET"]
[SourceTitle "EXT 2023"]
[Source "ChessBase"]
[SourceDate "2022.10.05"]
[SourceVersion "1"]
[SourceVersionDate "2022.10.05"]
[SourceQuality "1"]
[WhiteTeam "Bulgaria"]
[BlackTeam "Germany"]
[WhiteTeamCountry "BUL"]
[BlackTeamCountry "GER"]

1. d4 Nf6 2. Bg5 g6 3. Nf3 Bg7 4. c4 d5 5. Nc3 Ne4 6. Bh4 Nxc3 7. bxc3 dxc4 8. e4 b5 9. a4 c6 10. Be2 0-0 11. 0-0 Bb7 12. Rb1 Ba6 13. Qc1 Qd7 14. Qa3 e6 15. e5 Bb7 16. Nd2 Na6 17. Ne4 Kh8 18. Nf6 Qc7 19. f4 Rab8 20. Bf3 Bc8 21. Be4 Qb6 22. Rf3 b4 23. Qc1 c5 24. Rh3 cxd4 25. cxd4 1-0

[Event "EU-ch Hybrid U16 Girls"]
[Site "Tornelo INT"]
[Date "2021.10.15"]
[Round "7"]
[White "Chuchukova, Stefani"]
[Black "Zusman, Tal"]
[Result "1-0"]
[WhiteElo "1698"]
[BlackElo "1626"]
[PlyCount "81"]
[EventDate "2021.10.15"]
[EventType "swiss"]
[EventRounds "9"]
[EventCountry "NET"]
[SourceTitle "EXT 2023"]
[Source "ChessBase"]
[SourceDate "2022.10.05"]
[SourceVersion "1"]
[SourceVersionDate "2022.10.05"]
[SourceQuality "1"]
[WhiteTeam "Bulgaria"]
[BlackTeam "Israel"]
[WhiteTeamCountry "BUL"]
[BlackTeamCountry "ISR"]

1. d4 d5 2. Bg5 Nd7 3. Nf3 Ngf6 4. e3 e6 5. c4 Be7 6. Nc3 0-0 7. cxd5 exd5 8. Bd3 c6 9. Qc2 Re8 10. 0-0 Nf8 11. Rab1 a5 12. a3 g6 13. b4 Ne4 14. Bh6 Bf5 15. Bxe4 dxe4 16. Ne5 Bd6 17. bxa5 Bxe5 18. dxe5 Rxe5 19. Rxb7 Qxa5 20. Ne2 Qc5 21. Qb2 Bc8 22. Rb4 Nd7 23. Rd1 Qe7 24. Rxe4 f6 25. Rb4 g5 26. h4 c5 27. Rb3 Qf7 28. hxg5 Qh5 29. f4 Re6 30. Rbd3 c4 31. Rxd7 Bxd7 32. Rxd7 Rea6 33. Rg7+ Kh8 34. Rxh7+ Kxh7 35. Qb7+ Kg6 36. Qg7+ Kf5 37. Ng3+ Kg4 38. gxf6+ Kh4 39. Nxh5 Ra5 40. f7 c3 41. Nf6 1-0